| Tag |
First Indicator |
Second Indicator |
Subfields |
| LEADER |
00000cam a2200000 a 4500 |
| 001 |
in00000091212 |
| 005 |
20150923131519.0 |
| 008 |
800625s1980 dcua b 00000 eng d |
| 020 |
|
|
|a 0897880196
|
| 035 |
|
|
|a (OCoLC)06459777
|
| 035 |
|
|
|9 AAK6803AM
|
| 040 |
|
|
|a DGW
|c DGW
|d OCL
|d TXA
|d UtOrBLW
|
| 043 |
|
|
|a n-us---
|
| 049 |
|
|
|a TXAM
|c [1655714]
|
| 090 |
|
|
|a HD6061
|b M3
|
| 245 |
0 |
0 |
|a Manual on pay equity :
|b raising wages for women's work /
|c editor, Joy Ann Grune.
|
| 264 |
|
1 |
|a Washington, D.C. :
|b Committee on Pay Equity, Conference on Alternative State and Local Policies,
|c [1980]
|
| 300 |
|
|
|a 224 pages :
|b illustrations ;
|c 28 cm.
|
| 336 |
|
|
|a text
|b txt
|2 rdacontent
|
| 337 |
|
|
|a unmediated
|b n
|2 rdamedia
|
| 338 |
|
|
|a volume
|b nc
|2 rdacarrier
|
| 500 |
|
|
|a "A joint publication of Women in the Economy, a project the Conference on Alternative State and Local Policy, and the Committee on Pay Equity"--Title page verso.
|
| 504 |
|
|
|a Bibliography: page 219.
|
| 650 |
|
0 |
|a Equal pay for equal work
|z United States.
|
| 650 |
|
0 |
|a Women
|x Employment
|z United States.
|
| 650 |
|
0 |
|a Wages
|x Women
|z United States.
|
| 700 |
1 |
|
|a Grune, Joy Ann.
|
| 710 |
2 |
|
|a Women in the Economy Project (U.S.)
|
| 999 |
|
|
|a MARS
|
| 999 |
f |
f |
|s 4ef1a193-cce1-3f29-b296-9a9b159548a5
|i 2f07ec21-f2ef-36f5-9a09-9eb6fd72d297
|t 0
|
| 952 |
f |
f |
|p ric
|a Texas A&M University
|b Rellis Campus
|c Joint Library Facility
|d Remote Storage
|t 0
|e HD6061 M3
|h Library of Congress classification
|i unmediated -- volume
|m A14806017921
|
| 998 |
f |
f |
|a HD6061 M3
|t 0
|l Remote Storage
|